000
00309 a2200145 4500
001
194885
040
_c
Magnum
100
_a
MORAL, Silvia
240
1
0
_a
As princesas bailarinas
_l
por
245
1
0
_a
As princesas bailarinas
300
_a
16
362
0
_a
2021
697
_a
LITERATURA INFANTIL
942
_c
BK
999
_c
194885
_d
194885